<?xml version="1.0" encoding="UTF-8"?>
<collection xmlns="http://www.loc.gov/MARC21/slim">
 <record>
  <leader>01544nam a22002177a 4500</leader>
  <controlfield tag="001">NCT_135432</controlfield>
  <controlfield tag="008">220608b        xxu||||| |||| 00| 0 vie d</controlfield>
  <datafield tag="999" ind1=" " ind2=" ">
   <subfield code="c">6987</subfield>
   <subfield code="d">6987</subfield>
  </datafield>
  <datafield tag="020" ind1=" " ind2=" ">
   <subfield code="a">9786043015379</subfield>
   <subfield code="c">90000</subfield>
  </datafield>
  <datafield tag="082" ind1="0" ind2="4">
   <subfield code="2">23rd ed.</subfield>
   <subfield code="a">346.59704</subfield>
   <subfield code="b">T123</subfield>
  </datafield>
  <datafield tag="100" ind1="1" ind2=" ">
   <subfield code="a">Phùng Trung Tập</subfield>
   <subfield code="e">Chủ Biên</subfield>
  </datafield>
  <datafield tag="245" ind1="1" ind2="0">
   <subfield code="a">Nhập môn Luật dân sự : </subfield>
   <subfield code="b">Sách chuyên khảo</subfield>
   <subfield code="c">Phùng Trung Tập, Kiều Thị Thùy Linh ( đồng chủ biên) </subfield>
  </datafield>
  <datafield tag="260" ind1=" " ind2=" ">
   <subfield code="a">H.</subfield>
   <subfield code="b">Lao Động</subfield>
   <subfield code="c">2020</subfield>
  </datafield>
  <datafield tag="300" ind1=" " ind2=" ">
   <subfield code="a">351 tr.</subfield>
   <subfield code="c">21 cm</subfield>
  </datafield>
  <datafield tag="520" ind1="3" ind2=" ">
   <subfield code="a">Nội dung sách trình bày cung cấp cho người đọc kiến thức chuyên sâu, trọng tâm về những vần đề lý luận cơ bản nhất dân sự, chủ thể của Luật Dân Sự, giao dịch dân sự, đại diện, thời hạn và thời hiệu. Những kiến thức lý luận cơ bản này tạo nền tảng để tiếp tục nghiên cứu các vấn đề cơ bản khác trong lĩnh vực luật dân sự.</subfield>
  </datafield>
  <datafield tag="653" ind1=" " ind2=" ">
   <subfield code="a">Luật học</subfield>
  </datafield>
  <datafield tag="700" ind1="1" ind2=" ">
   <subfield code="a">Kiều Thị Thùy Linh</subfield>
   <subfield code="e">Đồng chủ biên</subfield>
  </datafield>
  <datafield tag="942" ind1=" " ind2=" ">
   <subfield code="2">ddc</subfield>
   <subfield code="c">BK</subfield>
  </datafield>
  <datafield tag="952" ind1=" " ind2=" ">
   <subfield code="0">0</subfield>
   <subfield code="1">0</subfield>
   <subfield code="2">ddc</subfield>
   <subfield code="4">0</subfield>
   <subfield code="6">346_597040000000000_T123</subfield>
   <subfield code="7">0</subfield>
   <subfield code="9">24911</subfield>
   <subfield code="a">000001</subfield>
   <subfield code="b">000001</subfield>
   <subfield code="d">2022-06-08</subfield>
   <subfield code="o">346.59704 T123</subfield>
   <subfield code="p">MD.19593</subfield>
   <subfield code="r">2022-06-08</subfield>
   <subfield code="v">90000.00</subfield>
   <subfield code="w">2022-06-08</subfield>
   <subfield code="y">BK</subfield>
  </datafield>
  <datafield tag="952" ind1=" " ind2=" ">
   <subfield code="0">0</subfield>
   <subfield code="1">0</subfield>
   <subfield code="2">ddc</subfield>
   <subfield code="4">0</subfield>
   <subfield code="6">346_597040000000000_T123</subfield>
   <subfield code="7">0</subfield>
   <subfield code="9">24912</subfield>
   <subfield code="a">000001</subfield>
   <subfield code="b">000001</subfield>
   <subfield code="d">2022-06-08</subfield>
   <subfield code="o">346.59704 T123</subfield>
   <subfield code="p">MD.19594</subfield>
   <subfield code="r">2022-06-08</subfield>
   <subfield code="v">90000.00</subfield>
   <subfield code="w">2022-06-08</subfield>
   <subfield code="y">BK</subfield>
  </datafield>
  <datafield tag="980" ind1=" " ind2=" ">
   <subfield code="a">Thư viện Trường Đại học Nam Cần Thơ</subfield>
  </datafield>
 </record>
</collection>
